00713nam a22002417a 4500003000500000005001700005008004100022010001000063011001000073035001000083040000900093082002000102111007700122245005400199260007400253300002300327650002000350650002200370650002300392650002000415650001400435700002200449CHAP20220329141044.0971013s1994 r 10010 d a61977 a62949 a67125 cCHAP a637.11bI5 199400aInternational Dairy Housing Conference (n3d: 1994c: Orlando, Florida) aDairy systems for the 21st centuryb: proceedings aJoseph, Michigan :bAmerican Society of Agricultural Engineers,c1994 a858 p.b; gráfs.14aGanado lechero.14aGranjas lecheras.14aLechexAnálisis.14aLechexCalidad.14aMastitis.0 aBucklin, Rayeed.